Yumuşakçalar ve diplomasi / (Record no. 14489)

MARC details
000 -BAŞLIK
Sabit Uzunlukta Kontrol Alanı 00645nam a22002057a 4500
999 ## - SİSTEM KONTROL NUMARALARI (KOHA)
Koha Biblionumber 14489
Koha Biblioitemnumber 14489
003 - KONTROL NUMARASI IDENTIFIER
Denetim Alanı MIRAKIL
005 - SON İŞLEM TARİHİ VE ZAMANI
Denetim Alanı 20211214000620.0
008 - SABİT-BOY VERİ ELEMANLARI - GENEL BİLGİLER
Sabit Uzunlukta Kontrol Alanı 210817b tu ||||| |||| 00| 0 tur d
020 ## - ULUSLARARASI STANDART KİTAP NUMARASI
Uluslararası Standart Kitap Numarası 9756448385
040 ## - KATALOGLAMA KAYNAK
Orijinal Kataloglama Ajansı TR-AnCHP
Metne Dönüştürmek Ajansı TR-AnCHP
041 ## - DİL KODU
Metin / Ses Parça Veya Ayrı Başlığın Dil Kodu Tur
082 ## - DEWEY ONLU SINIFLANDIRMA NUMARASI
Sınıflandırma Numarası 320.9561
Ürün Numarası E65y 2004
100 ## - ANA GİRİŞ - KİŞİSEL İSİM
Kişisel Ad Erişçi, Çelik
245 10 - BAŞLIK TABLOSU
Başlık Yumuşakçalar ve diplomasi /
Sorumluluk Tablosu, Vb Çelik Erişçi.
260 ## - YAYIN, DAĞITIM, VB
Yayın, Dağıtım, Vb Yeri İstanbul :
Yayıncı, Dağıtıcı, Vs Adı Toplumsal Dönüşüm Yayınları,
Yayın, Dağıtım, Vb Tarihi 2004.
300 ## - FİZİKSEL TANIM
Kapsam 268 s.:
Boyutlar 19 sm.
490 0# - SERİSİ TABLOSU
Seri Beyanı Toplumsal Dönüşüm Yayınları ;
-- Araştırma ve İnceleme ;
Hacim / Ardışık Tanımı 240.
-- 82.
650 #0 - KONU KATMA GİRİŞ - TOPİKAL DÖNEM
Topikal Süreli Veya Coğrafi Ad Giriş Elemanı Siyaset ve yönetim
Genel Alt Bölümü Türkiye
9 (RLIN) 9
942 ## - EKLENDİ GİRİŞ ELEMANLARI (KOHA)
Sınıflandırma Veya Raf Düzeni Kaynak Dewey Decimal Classification
Koha Öğesi Türü Books
Holdings
Kalıcı Konum Mevcut Konum Edinme Tarihi Toplam Check-Out'Lar Tam Çağrı Numarası Barkod Tarih Son Görülme İtibaren Geçerli Fiyatlar Sigara Kamu Notu Koha Öğesi Türü
CHP Kütüphanesi CHP Kütüphanesi 08/17/2021   320.9561 E65y 2004 019982 08/17/2021 08/17/2021 Emin Değer Bağışıdır. Books